Административная карта Северного края с физическим и экономическим обзорами (Запись № 12999649)

Подробности
000 -МАРКЕР
контрольное поле 01784nem0a2200277 4500
001 - ИДЕНТИФИКАТОР ЗАПИСИ
контрольное поле RU\NLR\BIBL_A\012740117
005 - ИДЕНТИФИКАТОР ВЕРСИИ
контрольное поле 20260409065131.0
035 ## - ДРУГИЕ СИСТЕМНЫЕ НОМЕРА
Идентификатор записи (NLR Aleph) 012740117
100 ## - ДАННЫЕ ОБЩЕЙ ОБРАБОТКИ
Данные общей обработки 20220324d1934 |||y0rusy50 ca
101 0# - ЯЗЫК РЕСУРСА
Язык текста, звукозаписи и т.д. русский
102 ## - СТРАНА ПУБЛИКАЦИИ ИЛИ ПРОИЗВОДСТВА
Страна публикации российская федерация
120 ## - ПОЛЕ КОДИРОВАННЫХ ДАННЫХ: КАРТОГРАФИЧЕСКИЕ МАТЕРИАЛЫ - ОБЩИЕ ХАРАКТЕРИСТИКИ
Кодированные данные о картографическом материале (общие) byy xx||
123 1# - ПОЛЕ КОДИРОВАННЫХ ДАННЫХ: КАРТОГРАФИЧЕСКИЕ МАТЕРИАЛЫ - МАСШТАБ И КООРДИНАТЫ
Тип масштаба а
Постоянное отношение линейного горизонтального масштаба 2000000
200 1# - ЗАГЛАВИЕ И СВЕДЕНИЯ ОБ ОТВЕТСТВЕННОСТИ
Основное заглавие Административная карта Северного края с физическим и экономическим обзорами
Общее обозначение материала Карты
Сведения, относящиеся к заглавию Границы районов на 1-ое августа 1934 г.
Первые сведения об ответственности Сост. под ред. и рук. А. Ф. Белавина
206 ## - ОБЛАСТЬ СПЕЦИФИЧЕСКИХ СВЕДЕНИЙ: КАРТОГРАФИЧЕСКИЕ МАТЕРИАЛЫ - МАТЕМАТИЧЕСКИЕ ДАННЫЕ
Сведения о математических данных 1:2 000 000, 20 км в 1 см
210 ## - ПУБЛИКАЦИЯ, РАСПРОСТРАНЕНИЕ И ДР.
Место издания, распространения и т.д. [Архангельск]
Имя издателя, распространителя и т. д. Сев. картогр. предприятие ВКТ Г.Г.Г.Г.У. Н.К.Т.П. СССР
Дата издания, распространения и т.д. 1934
215 ## - ФИЗИЧЕСКАЯ ХАРАКТЕРИСТИКА
Специфическое обозначение материала и объем 1 к. (4 л.)
Другие сведения о физической характеристике цв., текст
Размеры 47х62 см
327 1# - ПРИМЕЧАНИЯ О СОДЕРЖАНИИ
Текст примечания Доп. карты: Краткий физический обзор Северного края: Рельеф, полезные ископаемые и метеорологические данные.- 1:6 000 000; Краткий экономический обзор Северного края: Размещение главнейших промышленных предприятий Северного края, лесных массивов и угодий сельско-хозяйственного значения.- 1:6 000 000
509 01 - ЗАГОЛОВОК -СТРУКТУРИРОВАННОЕ ГЕОГРАФИЧЕСКОЕ ИЛИ ТЕМАТИЧЕСКОЕ НАИМЕНОВАНИЕ
Графика поля Кириллица
Географическое / тематическое наименование – начальный элемент ввода Северный край
Системный номер авторитетной/нормативной записи 2634775
Идентификатор авторитетной / нормативной записи RU\NLR\auth_crt\551606
607 ## - ГЕОГРАФИЧЕСКОЕ НАИМЕНОВАНИЕ КАК ПРЕДМЕТ
Географическое наименование Северный край
Формальный подзаголовок Карты
Системный номер авторитетной/нормативной записи 1083116
Идентификатор авторитетной/нормативной записи RU\NLR\AUTH\66104773
608 ## - ФОРМА, ЖАНР, ФИЗИЧЕСКИЕ ХАРАКТЕРИСТИКИ ДОКУМЕНТА КАК ТОЧКА ДОСТУПА
Начальный элемент ввода Административные карты
Идентификатор авторитетной/нормативной записи RU\NLR\AUTH\667834
Системный номер авторитетной/нормативной записи 901648
852 ## - МЕСТОНАХОЖДЕНИЕ И ШИФР ХРАНЕНИЯ
Идентификатор организации NLR
Наименование фонда или коллекции (Sub-Location Identifier) К
Шифр хранения (Call Number) 4-Сев 2/47
Идентификатор единицы 2376
Номер экземпляра 2377
942 ## - ДОПОЛНИТЕЛЬНЫЕ ЭЛЕМЕНТЫ ЗАПИСИ (АБИС)
Тип экземпляра АБИС Карта
980 ## - КОЛЛЕКЦИЯ
Название коллекции Национальная библиография

Нет доступных экземпляров.